UEFA EURO 2024 Goalscorers - Statistics

General Stats
  • This quiz has been taken 46 times
  • The average score is 58 of 85
Answer Stats
Player % Correct
Cody Gakpo
97%
Harry Kane
97%
Jude Bellingham
97%
Kevin De Bruyne
97%
Bernardo Silva
94%
Bruno Fernandes
94%
Kylian Mbappé
94%
Luka Modrić
94%
Dani Olmo
91%
Robert Lewandowski
91%
Bukayo Saka
89%
Cole Palmer
89%
İlkay Gündoğan
89%
Jamal Musiala
89%
Kai Havertz
89%
Lamine Yamal
89%
Patrik Schick
89%
Khvicha Kvaratskhelia
86%
Rodri
86%
Scott McTominay
86%
Christian Eriksen
83%
Florian Wirtz
83%
Nicolò Barella
83%
Nico Williams
83%
Ollie Watkins
83%
Breel Embolo
80%
Donyell Malen
80%
Fabián Ruiz
80%
Marcel Sabitzer
80%
Randal Kolo Muani
80%
Xherdan Shaqiri
80%
Youri Tielemans
80%
Álvaro Morata
77%
Arda Güler
77%
Dani Carvajal
77%
Mikel Oyarzabal
77%
Niclas Füllkrug
77%
Andrej Kramarić
74%
Emre Can
74%
Marko Arnautović
74%
Tomáš Souček
74%
Xavi Simons
74%
Alessandro Bastoni
71%
Barnabás Varga
71%
Georges Mikautadze
71%
Stefan de Vrij
71%
Luka Jović
69%
Mikel Merino
69%
Wout Weghorst
69%
Dan Ndoye
66%
Memphis Depay
66%
Remo Freuler
66%
Hakan Çalhanoğlu
63%
Ivan Schranz
63%
Mattia Zaccagni
63%
Ruben Vargas
63%
Merih Demiral
60%
Nicolae Stanciu
60%
Christoph Baumgartner
57%
Ferran Torres
57%
Francisco Conceição
57%
Roman Yaremchuk
57%
Michel Aebischer
54%
Mert Müldür
51%
Kwadwo Duah
49%
Morten Hjulmand
49%
Nedim Bajrami
49%
Răzvan Marin
49%
Michael Gregoritsch
46%
Kevin Csoboth
43%
Denis Drăguș
40%
Gernot Trauner
40%
Klaus Gjasula
40%
Krzysztof Piątek
40%
Ondrej Duda
40%
Romano Schmid
40%
Adam Buksa
37%
Cenk Tosun
34%
Erik Janža
34%
Lukáš Provod
34%
Mykola Shaparenko
34%
Qazim Laçi
31%
Samet Akaydin
31%
Kerem Aktürkoğlu
29%
Žan Karničnik
23%
No matching quizzes found
Score Distribution
Percent of People with Each Score
Percentile by Number Answered
Your Score History
You have not taken this quiz